LEADER 02546oam 2200493 450 001 9910824048903321 005 20170523091546.0 010 $a0-12-387818-7 035 $a(OCoLC)841488683 035 $a(MiFhGG)GVRL8DNW 035 $a(EXLCZ)992670000000354068 100 $a20140531d2013 uy 0 101 0 $aeng 135 $aurun|---uuuua 181 $ctxt$2rdacontent 182 $cc$2rdamedia 183 $acr$2rdacarrier 200 00$aDrug-induced liver disease /$fedited by Neil Kaplowitz, MD, Professor of Medicine and Director, Research Center for Liver Diseases, Chief, Division of GI-Liver, Keck School of Medicine of the University of Southern California, Los Angeles, CA, USA, Laurie D. DeLeve, MD, PhD, Professor of Medicine, Division of Gastrointestinal and Liver Diseases, Keck School of Medicine of the University of Southern California, Los Angeles, CA, USA 205 $a3rd ed. 210 $aLondon $cElsevier$d2013 210 1$aLondon :$cAcademic Press,$d2013. 215 $a1 online resource (xxiv, 746 pages) $cillustrations (some color) 225 0 $aGale eBooks 300 $aDescription based upon print version of record. 311 $a0-12-387817-9 320 $aIncludes bibliographical references and index. 327 $apt. 1. Mechanisms of liver injury -- pt. 2. Diagnosis and management -- pt. 3. Hepatotoxicity of specific drugs -- pt. 4. Future directions. 330 $aThis field has shown tremendous growth in recent years, primarily due to the recognition that drug-induced liver disease is the most common cause of liver failure and one of the major contributors to the withdrawal of drugs developed by the pharmaceutical industry. Drug-Induced Liver Disease, 3rd edition is a comprehensive reference that covers mechanisms of injury, diagnosis and management, major hepatotoxins, regulatory perspectives and much more. Written by highly respected authorities, this new edition is an updated and definitive reference for clinicians and scientists in ac 606 $aHepatotoxicology 606 $aLiver$xEffect of drugs on 606 $aDrugs$xSide effects 615 0$aHepatotoxicology. 615 0$aLiver$xEffect of drugs on. 615 0$aDrugs$xSide effects. 676 $a616.3/6 700 $aKaplowitz$b Neil$01694549 702 $aKaplowitz$b Neil 702 $aDeLeve$b Laurie D.$f1955- 801 0$bMiFhGG 801 1$bMiFhGG 906 $aBOOK 912 $a9910824048903321 996 $aDrug-induced liver disease$94073191 997 $aUNINA LEADER 05369nam 22007575 450 001 9910298640303321 005 20200706132411.0 010 $a1-4939-1550-9 024 7 $a10.1007/978-1-4939-1550-7 035 $a(CKB)3710000000261225 035 $a(EBL)1968145 035 $a(OCoLC)893234711 035 $a(SSID)ssj0001372335 035 $a(PQKBManifestationID)11753120 035 $a(PQKBTitleCode)TC0001372335 035 $a(PQKBWorkID)11301679 035 $a(PQKB)10014853 035 $a(MiAaPQ)EBC1968145 035 $a(DE-He213)978-1-4939-1550-7 035 $z(PPN)258855487 035 $a(PPN)182099431 035 $a(EXLCZ)993710000000261225 100 $a20141007d2014 u| 0 101 0 $aeng 135 $aur|n|---||||| 181 $ctxt 182 $cc 183 $acr 200 10$aRetail Food Safety /$fedited by Jeffrey Farber, Jackie Crichton, O. Peter Snyder, Jr 205 $a1st ed. 2014. 210 1$aNew York, NY :$cSpringer New York :$cImprint: Springer,$d2014. 215 $a1 online resource (195 p.) 225 1 $aPractical Approaches,$x2626-7578 300 $aDescription based upon print version of record. 311 $a1-4939-1549-5 320 $aIncludes bibliographical references and index. 327 $aAn Introduction to Retail Food Safety -- Control of pathogens at retail -- Retail Food Safety ? Total Store by Department -- The applications and uses of GFSI-benchmarked food safety schemes in relation to retail -- Control of Listeria monocytogenes at retail -- Control of viruses at retail -- An overview of Retail Food Hygiene in Europe -- Retail HACCP-based systems -- Sanitation and sanitation issues at retail -- Retail Food Handler Certification and Food Handler Training -- Retail food safety risks for populations of different races, ethnicities and income levels. 330 $aThis book covers not only the basics of retail food safety, but goes into great depth in key areas, including the control of important retail pathogens such as Listeria monocytogenes and foodborne viruses. Many different facets of retail food safety from farm-to-fork are discussed, including Retail Preventive Control Plans, HACCP, and food handler certification and training. Important new areas such as the Global Food Safety Initiative, which offers international recognition of established food safety schemes, are also described in great detail. Sanitation in the retail environment is very complex in nature, and this creates challenges when trying to develop and execute an effective sanitation program. These challenges, along with their solutions, are dealt with in detail. The chapter on retail food safety in Europe gives an excellent description of the hazards and controls in food retail and sets them against the European legal framework, using the United Kingdom as an example of their application. The book finishes with an examination of retail food safety risks for populations of different races, ethnicities and income levels, and talks about the need to better understand the barriers to food safety and sanitation that face both retailers and consumers who own and shop in small grocery and convenience stores. Retail Food Safety is an excelling resource for all food safety professionals working in the retail industry, food trade associations, all government agencies which have responsibility for retail food safety, and academics involved in teaching and/or consulting. The Food Microbiology and Food Safety series is published in conjunction with the International Association for Food Protection, a non-profit association for food safety professionals. Dedicated to the life-long educational needs of its Members, IAFP provides an information network through its two scientific journals (Food Protection Trends and Journal of Food Protection), its educational Annual Meeting, international meetings and symposia, and interaction between food safety professionals. 410 0$aPractical Approaches,$x2626-7578 606 $aFood?Biotechnology 606 $aChemistry 606 $aCommunication in chemistry 606 $aMedicine 606 $aFood Science$3https://scigraph.springernature.com/ontologies/product-market-codes/C15001 606 $aChemistry/Food Science, general$3https://scigraph.springernature.com/ontologies/product-market-codes/C00004 606 $aDocumentation and Information in Chemistry$3https://scigraph.springernature.com/ontologies/product-market-codes/C14005 606 $aBiomedicine, general$3https://scigraph.springernature.com/ontologies/product-market-codes/B0000X 615 0$aFood?Biotechnology. 615 0$aChemistry. 615 0$aCommunication in chemistry. 615 0$aMedicine. 615 14$aFood Science. 615 24$aChemistry/Food Science, general. 615 24$aDocumentation and Information in Chemistry. 615 24$aBiomedicine, general. 676 $a54 676 $a540 676 $a610 676 $a641.3 702 $aFarber$b Jeffrey$4edt$4http://id.loc.gov/vocabulary/relators/edt 702 $aCrichton$b Jackie$4edt$4http://id.loc.gov/vocabulary/relators/edt 702 $aSnyder$b Jr., O. Peter$4edt$4http://id.loc.gov/vocabulary/relators/edt 906 $aBOOK 912 $a9910298640303321 996 $aRetail Food Safety$92505288 997 $aUNINA